Corrosion control by organic coatings
-д хадгалсан:
| Үндсэн зохиолч: | |
|---|---|
| Формат: | Ном |
| Хэл сонгох: | англи |
| Хэвлэсэн: |
Houston
National Association of Corrosion Engineers
1981
|
| Цуврал: | An Official NACE Publication
|
| Нөхцлүүд: | |
| Шошгууд: |
Шошго нэмэх
Шошго байхгүй, Энэхүү баримтыг шошголох эхний хүн болох!
|
MARC
| LEADER | 00000nam a2200000 a 4500 | ||
|---|---|---|---|
| 001 | UCT4362 | ||
| 003 | CL-VaPUC | ||
| 008 | 961112e19810000us |||||||||||||||||eng|d | ||
| 082 | 0 | 4 | |a 620.112 |b LEI |2 21 |
| 100 | 0 | |a Leidheiser, Henry |e author |9 373651 | |
| 245 | 1 | 0 | |a Corrosion control by organic coatings |
| 300 | |a 300 p | ||
| 942 | |c BK | ||
| 945 | |d 19961112 00:00:00 |a cmena | ||
| 260 | |a Houston |b National Association of Corrosion Engineers |c 1981 | ||
| 650 | 7 | |a CORROSION |2 CL-VaPUC |9 271912 | |
| 650 | 0 | |a Oxidación |9 326616 | |
| 650 | 0 | |a Reacciones químicas |9 259438 | |
| 650 | 0 | |a Termodinámica |9 259320 | |
| 650 | 0 | |a Química |9 259896 | |
| 650 | 7 | |a PH |2 CL-VaPUC |9 337396 | |
| 650 | 0 | |a Electrodinámica |9 317185 | |
| 650 | 0 | |a Polímeros |9 271736 | |
| 650 | 7 | |a QUIMICA CUALITATIVA |2 CL-VaPUC |9 373652 | |
| 583 | |a last modification |c 20171127 04:55:41 |k Rodrigo Vera | ||
| 490 | 0 | |a An Official NACE Publication | |
| 999 | |c 253756 |d 253754 | ||
| 952 | |0 0 |1 0 |4 0 |6 620_112000000000000_LEI_1981 |7 0 |8 A |9 274819 |a BIBCUR |b BIBCUR |d 2019-11-19 |i 1785753 |o 620.112 LEI 1981 |p 1785753 |r 2025-04-22 |w 2019-11-19 |y BK |k QUI | ||